000
00281nam a22001337a 4500
008
170608b xxu||||| |||| 00| 0 eng d
020
_a
3825886468
041
_a
ger
080
_a
94
100
_a
18
101
_a
SHH
245
_a
DIE KOSOVO BILANZ
_c
KRAMER,H
942
_2
udc
_c
BK
999
_c
16566
_d
16566